000 01546nem0a2200289 4500
001 RU\NLR\BIBL_A\022081747
005 20250625113442.0
035 _a(NLR Aleph) 022081747
090 _a12691497
_c12691497
100 _a20231124d1983 |||y0rusy50 ca
101 0 _arus
102 _aRU
120 _abyy xx||
123 1 _aa
_b400000
200 1 _aБорьба советских патриотов на оккупированной территории Молдавии. Июль 1941 - август 1944 гг.
_bКарты
_eКарта для средней школы
_fСост. и подгот. к печати ф-кой № 2 ГУГК в 1982 г.
_gРед. М. С. Рутковская
206 _a1:400 000, 4 км в 1 см.
210 _aМосква
_cГУГК
_d1983
215 _a1 к.
_cцв.
_d80 х 102 см
509 0 1 _7ca
_aМолдавия
_92633681
_3RU\NLR\auth_crt\55505
606 1 _aВеликая Отечественная война
_jКарты учебные для средней школы
_yМолдавская ССР
_z1941 - 1945
_91242245
_3RU\NLR\AUTH\66190281
607 _aМолдавская ССР
_jКарты учебные для средней школы
_xИстория
_z1941 - 1945
_91242246
_3RU\NLR\AUTH\66190282
608 _aИсторические карты
_jКарты учебные для средней школы
_91277729
_3RU\NLR\AUTH\66208787
702 1 _aРутковская
_bМ. С.
_4340
852 _aNLR
_bК
_j4-Укр 4/1186
_m75978
942 _cMAP
980 _aNB